000 00725am a2200289a 44500
003 AR-BaBNM
005 20251128210959.0
008 200513s2000 Esp|||||||||||000 | esp||
020 _a84-493-0943-3
040 _cAR-BaBNM
100 1 _aGruzinski, Serge
245 1 0 _aEl pensamiento mestizo
260 _aBarcelona
_bPaidós
_c2000
300 _a364 p.
_bláms.
490 0 _aBiblioteca del presente
_vv. 12
650 4 _aHISTORIA CULTURAL
650 4 _aMESTIZOS
650 4 _aCOSTUMBRES Y TRADICIONES
650 4 _aMINORIAS ETNICAS
650 4 _aMINORIAS CULTURALES
650 4 _aPERIODO COLONIAL
650 4 _aCREENCIA
653 _aMITOS
800 1 _aCruz, Manuel
942 _cBK
998 _cmariana
999 _c17737
_d17737